Evidence before the Butler Committee (Record no. 490482)

000 -LEADER
fixed length control field 00401cam a22001217a 4500
008 - FIXED-LENGTH DATA ELEMENTS--GENERAL INFORMATION
fixed length control field 180718b1929 xxu||||| |||| 00| 0 eng d
082 ## - DEWEY DECIMAL CLASSIFICATION NUMBER
Classification number C43x54 Un3sp
100 ## - MAIN ENTRY--PERSONAL NAME
Personal name United Kingdom. Indian States Committee
245 ## - TITLE STATEMENT
Title Evidence before the Butler Committee
260 ## - PUBLICATION, DISTRIBUTION, ETC.
Place of publication, distribution, etc. London
Name of publisher, distributor, etc. The author
Date of publication, distribution, etc. 1929
300 ## - PHYSICAL DESCRIPTION
Extent 4 Vols.
500 ## - GENERAL NOTE
General note Contents: V.1. 738+p; V.2. P739-1304; V.3. P.1305-1736; V.4. P.1737-2368
Holdings
Withdrawn status Lost status Damaged status Not for loan Permanent Location Current Location Date acquired Full call number Barcode Date last seen Price effective from Koha item type
        Indian Institute of Public Administration Indian Institute of Public Administration 2018-08-04 C43x54 Un3sp GR4705 2018-08-04 2018-08-04 GR
        Indian Institute of Public Administration Indian Institute of Public Administration 2018-08-04 C43x54 Un3sp GR4704 2018-08-04 2018-08-04 GR
        Indian Institute of Public Administration Indian Institute of Public Administration 2018-08-04 C43x54 Un3sp GR4703 2018-08-04 2018-08-04 GR
        Indian Institute of Public Administration Indian Institute of Public Administration 2018-08-04 C43x54 Un3sp GR4702 2018-08-04 2018-08-04 GR

Powered by Koha